[Event "XIX Najdorf Memorial 2019"]
[Site "Warsaw"]
[Date "2019.07.09"]
[Round "4.2"]
[White "Socko, Monika"]
[Black "Shevchenko, Kirill"]
[Result "0-1"]
[WhiteElo "2443"]
[BlackElo "2536"]
[Annotator "ChessBase"]
[PlyCount "82"]
[EventDate "2019.07.06"]
[EventType "swiss"]
[EventCountry "POL"]
[SourceTitle "playchess.com"]
[Source "ChessBase"]
[SourceQuality "1"]
[TimeControl "40/5400+30:1800+30"]

1. d4 {[%emt 0:00:00]} Nf6 {[%emt 0:00:00]} 2. c4 {[%emt 0:00:00]} e6 {[%emt 0:00:00]} 3. g3 {[%emt 0:00:05]} c5 {[%emt 0:00:00]} 4. d5 {[%emt 0:00:13]} exd5 {[%emt 0:00:00]} 5. cxd5 {[%emt 0:00:04]} d6 {[%emt 0:00:00]} 6. Nc3 {[%emt 0:00:39]} g6 {[%emt 0:00:02]} 7. Bg2 {[%emt 0:00:26]} Bg7 {[%emt 0:00:04]} 8. Nf3 {[%emt 0:00:15]} O-O {[%emt 0:00:06]} 9. O-O {[%emt 0:00:07]} Re8 {[%emt 0:00:01]} 10. Re1 {[%emt 0:00:07]} Nbd7 {[%emt 0:00:10]} 11. e4 {[%emt 0:07:33]} a6 {[%emt 0:01:23]} 12. a4 {[%emt 0:00:08]} Ng4 {[%emt 0:00:55]} 13. h3 {[%emt 0:09:55]} Nge5 {[%emt 0:02:01]} 14. Nxe5 Nxe5 15. f4 {[%emt 0:07:49]} Nc4 {[%emt 0:04:37]} 16. Qd3 {[%emt 0:05:01]} Na5 {[%emt 0:04:45]} 17. Be3 {[%emt 0:02:25]} Qb6 {[%emt 0:19:08]} 18. Rab1 {[%emt 0:05:25]} Qb4 {[%emt 0:04:19]} 19. Bf2 {[%emt 0:01:51]} Bd7 {[%emt 0:09:39]} 20. Kh2 {[%emt 0:06:48]} Rad8 {[%emt 0:21:16]} 21. Re2 {[%emt 0:08:30]} Nb3 {[%emt 0:03:52]} 22. Be1 {[%emt 0:13:58]} Nd4 {[%emt 0:02:42]} 23. Rf2 {[%emt 0:01:28]} Qb3 {[%emt 0:02:30]} 24. Qd1 {[%emt 0:04:17]} f5 {[%emt 0:02:02]} 25. Qxb3 {[%emt 0:13:19]} Nxb3 {[%emt 0:00:01]} 26. Re2 {[%emt 0:00:08]} fxe4 {[%emt 0:04:37]} 27. Bxe4 {[%emt 0:00:55]} b5 {[%emt 0:03:05]} 28. axb5 {[%emt 0:01:13]} axb5 {[%emt 0:00:10]} 29. Nd1 {[%emt 0:09:00]} Bf5 {[%emt 0:09:38]} 30. Nf2 {[%emt 0:00:58]} Nd4 {[%emt 0:00:33]} 31. Re3 {[%emt 0:00:05]} Re7 {[%emt 0:00:30]} 32. g4 {[%emt 0:02:24]} Bxe4 {[%emt 0:00:31]} 33. Rxe4 {[%emt 0:00:34]} Rxe4 {[%emt 0:01:02]} 34. Nxe4 {[%emt 0:00:04]} Re8 {[%emt 0:00:07]} 35. Nxd6 {[%emt 0:01:06]} Rxe1 {[%emt 0:00:25]} 36. Rxe1 {[%emt 0:00:04]} Nf3+ {[%emt 0:00:00]} 37. Kg3 {[%emt 0:00:06]} Nxe1 {[%emt 0:00:01]} 38. b3 {[%emt 0:00:51]} b4 {[%emt 0:01:24]} 39. Nb7 {[%emt 0:00:49]} c4 {[%emt 0:01:07]} 40. d6 {[%emt 0:00:00]} cxb3 {[%emt 0:00:00]} 41. g5 {[%emt 0:00:37]} Bf8 {[%emt 0:03:21]} 0-1

[Event "XIX Najdorf Memorial 2019"]
[Site "Warsaw"]
[Date "2019.07.09"]
[Round "4.3"]
[White "Dragun, Kamil"]
[Black "Goluch, Piotr"]
[Result "1-0"]
[WhiteElo "2604"]
[BlackElo "2386"]
[Annotator "RC"]
[PlyCount "73"]
[EventDate "2019.07.06"]
[EventType "swiss"]
[EventCountry "POL"]
[SourceTitle "playchess.com"]
[Source "ChessBase"]
[SourceQuality "1"]
[TimeControl "40/5400+30:1800+30"]

1. c4 {[%emt 0:00:00]} e5 {[%emt 0:00:00]} 2. g3 {[%emt 0:00:00]} Nf6 {[%emt 0:00:13]} 3. Bg2 {[%emt 0:00:03]} d5 {[%emt 0:00:14]} 4. cxd5 {[%emt 0:00:05]} Nxd5 {[%emt 0:00:04]} 5. Nc3 {[%emt 0:00:21]} Nb6 {[%emt 0:00:05]} 6. Nf3 {[%emt 0:00:13]} Nc6 {[%emt 0:00:04]} 7. a3 {[%emt 0:00:06]} Be6 {[%emt 0:01:35]} 8. b4 {[%emt 0:05:55]} Be7 {[%emt 0:00:25]} 9. Rb1 {[%emt 0:00:39]} f6 {[%emt 0:04:41]} 10. O-O {[%emt 0:00:15]} O-O {[%emt 0:00:18]} 11. b5 {[%emt 0:00:04]} Nd4 {[%emt 0:05:00]} 12. e3 {[%emt 0:00:24]} Nxf3+ {[%emt 0:00:16]} 13. Bxf3 {[%emt 0:00:15]} Rb8 {[%emt 0:02:50]} 14. d4 {[%emt 0:00:14]} exd4 {[%emt 0:02:44]} 15. exd4 {[%emt 0:00:05]} Bf7 {[%emt 0:04:56]} 16. a4 {[%emt 0:00:59]} Nd5 {[%emt 0:04:52]} 17. Nxd5 {[%emt 0:00:16]} Bxd5 {[%emt 0:00:05]} 18. Bf4 {[%emt 0:00:10]} Rc8 {[%emt 0:09:37]} 19. Re1 {[%emt 0:02:54]} Rf7 {[%emt 0:03:34]} 20. Bh5 {[%emt 0:06:59]} g6 {[%emt 0:08:27]} 21. Bg4 {[%emt 0:00:34]} Ra8 {[%emt 0:00:13]} 22. h4 {[%emt 0:07:18]} Bd6 {[%emt 0:02:02]} 23. Qd2 {[%emt 0:00:16]} Bxf4 {[%emt 0:08:26]} 24. Qxf4 {[%emt 0:00:10]} g5 {[%emt 0:00:10]} 25. hxg5 {[%emt 0:03:25]} fxg5 {[%emt 0:03:04]} 26. Qd2 {[%emt 0:00:21]} Kh8 {[%emt 0:13:03]} 27. Re5 {[%emt 0:02:06]} Rg7 {[%emt 0:00:07]} 28. Rbe1 {[%emt 0:01:34]} c6 {[%emt 0:01:48]} 29. Be6 {[%emt 0:00:44]} Bxe6 {[%emt 0:07:57]} 30. Rxe6 {[%emt 0:00:03]} Qd7 {[%emt 0:01:16]} 31. R1e5 {[%emt 0:02:43]} Rd8 {[%emt 0:05:50]} 32. Qe3 {[%emt 0:01:33]} Rdg8 {[%emt 0:08:39]} 33. Qe4 {[%emt 0:01:15]} cxb5 {[%emt 0:02:22]} 34. axb5 {[%emt 0:00:02]} Qc7 {[%emt 0:01:13]} 35. Re7 {[%emt 0:01:13]} Qd6 {[%emt 0:00:46]} 36. d5 {[%emt 0:01:05]} a5 {[%emt 0:00:30]} 37. Rxg7 {[%emt 0:00:31]} 1-0

[Event "XIX Najdorf Memorial 2019"]
[Site "Warsaw"]
[Date "2019.07.09"]
[Round "4.3"]
[White "Pacan-Milej, Kosma"]
[Black "Barski, Radoslaw"]
[Result "1/2-1/2"]
[WhiteElo "2272"]
[BlackElo "2468"]
[Annotator "ChessBase"]
[PlyCount "139"]
[EventDate "2019.07.06"]
[EventType "swiss"]
[EventCountry "POL"]
[SourceTitle "playchess.com"]
[Source "ChessBase"]
[SourceQuality "1"]
[TimeControl "40/5400+30:1800+30"]

1. d4 Nf6 2. c4 g6 3. Nc3 Bg7 4. e4 d6 5. Be2 O-O 6. Be3 e5 7. d5 a5 8. g4 Na6 9. h4 Nc5 10. f3 h5 11. g5 Nh7 12. Qd2 f6 13. gxf6 Rxf6 14. O-O-O a4 15. Nh3 Bxh3 16. Rxh3 a3 17. b3 Rf4 18. Rg3 Nf8 19. Bxf4 Qxh4 20. Be3 Qxg3 21. Nb5 Na6 22. Nxa3 Qh2 23. Nb5 Kh7 24. a3 Nd7 25. b4 Bf6 26. Kb1 Rf8 27. Rc1 Be7 28. Rc2 h4 29. c5 Nf6 30. c6 bxc6 31. Rxc6 Qg2 32. Nxc7 Nxc7 33. Rxc7 h3 34. Ba6 Qxd2 35. Bxd2 h2 36. Rc1 Nh5 37. Rh1 Rxf3 38. Rxh2 Rxa3 39. Be2 Bd8 40. Bxh5 gxh5 41. Rxh5+ Kg7 42. Rh6 Rd3 43. Rxd6 Rxd2 44. Rxd8 Rd4 45. Kc2 Rxe4 46. Kc3 Kf6 47. b5 Ke7 48. Rh8 Kd6 49. b6 Re3+ 50. Kc4 Re4+ 51. Kb5 Re1 52. Rd8+ Ke7 53. Rh8 Kd6 54. Rd8+ Ke7 55. Rc8 Kd6 56. Rc4 Rb1+ 57. Rb4 Rh1 58. Kc4 Rh4+ 59. Kb3 Rh8 60. Rb5 Rc8 61. b7 Rb8 62. Kc4 Kc7 63. Rc5+ Kxb7 64. d6 Rc8 65. Rxc8 Kxc8 66. Kd5 Kd7 67. Kxe5 Kd8 68. Ke6 Ke8 69. d7+ Kd8 70. Kd6 1/2-1/2

[Event "XIX Najdorf Memorial 2019"]
[Site "Warsaw"]
[Date "2019.07.09"]
[Round "4.4"]
[White "Gagare, Shardul"]
[Black "Tomczak, Jacek"]
[Result "1/2-1/2"]
[WhiteElo "2476"]
[BlackElo "2623"]
[Annotator "RC"]
[PlyCount "31"]
[EventDate "2019.07.06"]
[EventType "swiss"]
[EventCountry "POL"]
[SourceTitle "playchess.com"]
[Source "ChessBase"]
[SourceQuality "1"]
[TimeControl "40/5400+30:1800+30"]

1. e4 {[%emt 0:00:02]} c5 {[%emt 0:00:55]} 2. Nf3 {[%emt 0:00:11]} d6 {[%emt 0:00:07]} 3. Bb5+ {[%emt 0:01:19]} Bd7 {[%emt 0:02:21]} 4. Bxd7+ {[%emt 0:00:17]} Qxd7 {[%emt 0:00:12]} 5. c4 {[%emt 0:00:41]} Nc6 {[%emt 0:01:39]} 6. d4 {[%emt 0:00:44]} cxd4 {[%emt 0:00:06]} 7. Nxd4 {[%emt 0:00:04]} g6 {[%emt 0:02:06]} 8. b3 {[%emt 0:01:14]} Bg7 {[%emt 0:03:13]} 9. Bb2 {[%emt 0:00:07]} Nf6 {[%emt 0:00:22]} 10. Nc3 {[%emt 0:00:06]} Qg4 {[%emt 0:10:05]} 11. Qxg4 {[%emt 0:07:49]} Nxg4 {[%emt 0:00:17]} 12. Nxc6 {[%emt 0:00:16]} bxc6 {[%emt 0:00:21]} 13. h3 {[%emt 0:00:37]} Ne5 {[%emt 0:11:26]} 14. O-O-O {[%emt 0:00:45]} Nd7 {[%emt 0:01:18]} 15. Na4 {[%emt 0:04:13]} Bxb2+ {[%emt 0:15:24]} 16. Kxb2 {[%emt 0:01:07]} 1/2-1/2

[Event "XIX Najdorf Memorial 2019"]
[Site "Warsaw"]
[Date "2019.07.09"]
[Round "4.4"]
[White "Abdumalik, Zhansaya"]
[Black "Piotrowski, Przemyslaw"]
[Result "1-0"]
[WhiteElo "2458"]
[BlackElo "2273"]
[Annotator "ChessBase"]
[PlyCount "67"]
[EventDate "2019.07.06"]
[EventType "swiss"]
[EventCountry "POL"]
[SourceTitle "playchess.com"]
[Source "ChessBase"]
[SourceQuality "1"]
[TimeControl "40/5400+30:1800+30"]

1. e4 {[%emt 0:00:36]} c5 {[%emt 0:00:00]} 2. Nf3 {[%emt 0:00:26]} d6 {[%emt 0:00:00]} 3. d4 {[%emt 0:00:36]} cxd4 {[%emt 0:00:00]} 4. Nxd4 {[%emt 0:00:03]} Nf6 {[%emt 0:00:00]} 5. Nc3 {[%emt 0:00:06]} a6 {[%emt 0:00:17]} 6. g3 {[%emt 0:00:08]} e5 {[%emt 0:00:23]} 7. Nb3 {[%emt 0:03:59]} Be6 {[%emt 0:01:47]} 8. Bg2 {[%emt 0:00:25]} b5 {[%emt 0:00:22]} 9. O-O {[%emt 0:01:41]} Be7 {[%emt 0:01:38]} 10. a4 {[%emt 0:03:43]} b4 {[%emt 0:01:30]} 11. Nd5 {[%emt 0:00:16]} Bxd5 {[%emt 0:00:59]} 12. exd5 {[%emt 0:00:07]} O-O {[%emt 0:00:25]} 13. a5 {[%emt 0:00:54]} Nbd7 {[%emt 0:00:27]} 14. Ra4 {[%emt 0:07:38]} Rb8 {[%emt 0:43:24]} 15. Bd2 {[%emt 0:01:54]} Nc5 {[%emt 0:05:26]} 16. Rxb4 {[%emt 0:00:15]} Rxb4 {[%emt 0:01:25]} 17. Bxb4 {[%emt 0:00:08]} Nxb3 {[%emt 0:01:09]} 18. cxb3 {[%emt 0:00:04]} Qb8 {[%emt 0:01:03]} 19. Bc3 {[%emt 0:00:34]} Ne8 {[%emt 0:03:58]} 20. Re1 {[%emt 0:03:00]} f5 {[%emt 0:05:42]} 21. Bf1 {[%emt 0:02:40]} Nc7 {[%emt 0:15:41]} 22. Bc4 {[%emt 0:01:08]} Bf6 {[%emt 0:00:17]} 23. Qe2 {[%emt 0:04:01]} Qb7 {[%emt 0:00:36]} 24. Ra1 {[%emt 0:00:33]} Kh8 {[%emt 0:02:03]} 25. Qf3 {[%emt 0:01:25]} Qa7 {[%emt 0:07:36]} 26. Qe3 {[%emt 0:01:34]} Qa8 {[%emt 0:04:42]} 27. Rd1 {[%emt 0:00:15]} Rb8 {[%emt 0:00:41]} 28. f4 {[%emt 0:01:57]} Re8 {[%emt 0:01:55]} 29. Qb6 {[%emt 0:02:19]} Qd8 {[%emt 0:00:09]} 30. Bb4 {[%emt 0:02:34]} exf4 {[%emt 0:00:34]} 31. Bxd6 {[%emt 0:00:27]} fxg3 {[%emt 0:00:48]} 32. Qxc7 {[%emt 0:01:46]} Bd4+ {[%emt 0:00:24]} 33. Rxd4 {[%emt 0:02:45]} gxh2+ {[%emt 0:00:38]} 34. Bxh2 {[%emt 0:01:39]} 1-0

[Event "XIX Najdorf Memorial 2019"]
[Site "Warsaw"]
[Date "2019.07.09"]
[Round "4.5"]
[White "Sedlak, Nikola"]
[Black "Galperin, Platon"]
[Result "1/2-1/2"]
[WhiteElo "2586"]
[BlackElo "2445"]
[Annotator "ChessBase"]
[PlyCount "70"]
[EventDate "2019.07.06"]
[EventType "swiss"]
[EventCountry "POL"]
[SourceTitle "playchess.com"]
[Source "ChessBase"]
[SourceQuality "1"]
[TimeControl "40/5400+30:1800+30"]

1. d4 {[%emt 0:00:00]} Nf6 {[%emt 0:00:00]} 2. Nf3 {[%emt 0:00:00]} d5 {[%emt 0:00:00]} 3. e3 {[%emt 0:01:39]} c5 {[%emt 0:00:00]} 4. Nbd2 {[%emt 0:00:35]} Nc6 {[%emt 0:06:15]} 5. Bb5 {[%emt 0:00:17]} e6 {[%emt 0:06:51]} 6. c4 {[%emt 0:04:37]} cxd4 {[%emt 0:04:03]} 7. exd4 {[%emt 0:01:34]} Bd7 {[%emt 0:11:35]} 8. O-O {[%emt 0:01:52]} Be7 {[%emt 0:01:49]} 9. b3 {[%emt 0:03:02]} a6 {[%emt 0:08:08]} 10. Bxc6 {[%emt 0:01:37]} Bxc6 {[%emt 0:00:02]} 11. Ne5 {[%emt 0:00:25]} Qc7 {[%emt 0:09:17]} 12. Bb2 {[%emt 0:08:40]} dxc4 {[%emt 0:00:52]} 13. bxc4 {[%emt 0:01:50]} O-O {[%emt 0:00:39]} 14. Rc1 {[%emt 0:01:22]} b6 {[%emt 0:10:54]} 15. Nxc6 {[%emt 0:13:39]} Qxc6 {[%emt 0:00:04]} 16. Re1 {[%emt 0:05:51]} Rfe8 {[%emt 0:08:31]} 17. Nf3 {[%emt 0:01:26]} Rad8 {[%emt 0:02:06]} 18. a4 {[%emt 0:01:38]} Qb7 {[%emt 0:05:41]} 19. Qb3 {[%emt 0:00:13]} Rb8 {[%emt 0:06:15]} 20. Bc3 {[%emt 0:10:26]} b5 {[%emt 0:09:49]} 21. axb5 {[%emt 0:02:01]} axb5 {[%emt 0:00:04]} 22. Rb1 {[%emt 0:00:57]} b4 {[%emt 0:01:21]} 23. Bb2 {[%emt 0:00:58]} Rec8 {[%emt 0:02:18]} 24. h3 {[%emt 0:00:32]} Qc7 {[%emt 0:00:59]} 25. Rbc1 {[%emt 0:00:44]} Ra8 {[%emt 0:01:46]} 26. Ne5 {[%emt 0:00:48]} Nd7 {[%emt 0:01:55]} 27. Nd3 {[%emt 0:03:45]} Nb6 {[%emt 0:00:32]} 28. Rc2 {[%emt 0:04:36]} Rab8 {[%emt 0:01:33]} 29. Bc1 {[%emt 0:02:30]} Bd6 {[%emt 0:00:39]} 30. Bd2 {[%emt 0:02:50]} Nxc4 {[%emt 0:00:27]} 31. Rec1 {[%emt 0:00:12]} Nxd2 {[%emt 0:00:18]} 32. Rxc7 {[%emt 0:00:09]} Rxc7 {[%emt 0:00:15]} 33. Qd1 {[%emt 0:01:33]} Nc4 {[%emt 0:00:52]} 34. Rb1 {[%emt 0:07:12]} h6 {[%emt 0:00:23]} 35. Qa4 {[%emt 0:00:38]} Nd2 {[%emt 0:00:37]} 1/2-1/2

[Event "XIX Najdorf Memorial 2019"]
[Site "Warsaw"]
[Date "2019.07.09"]
[Round "4.5"]
[White "Siekanski, Janusz"]
[Black "Nguyen, Piotr"]
[Result "0-1"]
[WhiteElo "2270"]
[BlackElo "2420"]
[Annotator "NA"]
[PlyCount "105"]
[EventDate "2019.07.06"]
[EventType "swiss"]
[EventCountry "POL"]
[SourceTitle "playchess.com"]
[Source "ChessBase"]
[SourceQuality "1"]
[TimeControl "40/5400+30:1800+30"]

1. d4 {[%emt 0:00:00]} Nf6 {[%emt 0:06:37]} 2. c4 {[%emt 0:00:16]} g6 {[%emt 0:00:06]} 3. Nc3 {[%emt 0:00:20]} Bg7 {[%emt 0:00:11]} 4. e4 {[%emt 0:00:16]} d6 {[%emt 0:00:07]} 5. Nf3 {[%emt 0:00:35]} O-O {[%emt 0:00:07]} 6. Be2 {[%emt 0:00:13]} Bg4 {[%emt 0:01:22]} 7. Be3 {[%emt 0:01:09]} Nfd7 {[%emt 0:01:39]} 8. Rc1 {[%emt 0:02:09]} a6 {[%emt 0:03:03]} 9. h3 {[%emt 0:03:21]} Bxf3 {[%emt 0:00:08]} 10. Bxf3 {[%emt 0:00:07]} c5 {[%emt 0:03:19]} 11. d5 {[%emt 0:07:17]} b5 {[%emt 0:04:12]} 12. b3 {[%emt 0:00:54]} Qa5 {[%emt 0:20:23]} 13. Qd2 {[%emt 0:10:13]} bxc4 {[%emt 0:05:14]} 14. bxc4 {[%emt 0:00:19]} Nb6 {[%emt 0:00:08]} 15. Nb1 {[%emt 0:04:43]} Qxd2+ {[%emt 0:00:55]} 16. Nxd2 {[%emt 0:04:48]} N8d7 {[%emt 0:01:37]} 17. Bd1 {[%emt 0:02:09]} Rfb8 {[%emt 0:03:57]} 18. Ke2 {[%emt 0:05:55]} a5 {[%emt 0:02:19]} 19. f4 {[%emt 0:03:44]} a4 {[%emt 0:03:28]} 20. Rb1 {[%emt 0:10:03]} a3 {[%emt 0:00:53]} 21. Rb5 {[%emt 0:02:17]} Na4 {[%emt 0:03:48]} 22. Bxa4 {[%emt 0:00:21]} Rxa4 {[%emt 0:00:05]} 23. Rhb1 {[%emt 0:05:37]} Bb2 {[%emt 0:00:31]} 24. Rxb8+ {[%emt 0:01:23]} Nxb8 {[%emt 0:00:05]} 25. e5 {[%emt 0:00:10]} Na6 {[%emt 0:04:51]} 26. exd6 {[%emt 0:01:50]} exd6 {[%emt 0:00:05]} 27. Ne4 {[%emt 0:07:28]} Rxc4 {[%emt 0:14:10]} 28. Nxd6 {[%emt 0:03:35]} Rc2+ {[%emt 0:01:18]} 29. Kd1 {[%emt 0:06:02]} Rxg2 {[%emt 0:03:12]} 30. Nc4 {[%emt 0:00:17]} f5 {[%emt 0:14:15]} 31. d6 {[%emt 0:01:12]} Kf7 {[%emt 0:00:54]} 32. Nxa3 {[%emt 0:01:20]} Bxa3 {[%emt 0:01:37]} 33. Rb6 {[%emt 0:00:42]} Rg3 {[%emt 0:01:19]} 34. Ke2 {[%emt 0:11:13]} Nb4 {[%emt 0:00:21]} 35. Bxc5 {[%emt 0:01:36]} Ke6 {[%emt 0:00:38]} 36. Bxb4 {[%emt 0:02:07]} Bxb4 {[%emt 0:00:16]} 37. Rxb4 {[%emt 0:00:01]} Kxd6 {[%emt 0:00:10]} 38. h4 {[%emt 0:00:23]} Rh3 {[%emt 0:00:56]} 39. a4 {[%emt 0:00:19]} Rxh4 {[%emt 0:00:21]} 40. a5 {[%emt 0:01:33]} Kc5 {[%emt 0:00:00]} 41. Ra4 {[%emt 0:00:38]} Rh2+ {[%emt 0:01:49]} 42. Kf3 {[%emt 0:04:01]} Rh3+ {[%emt 0:00:28]} 43. Kg2 {[%emt 0:00:57]} Re3 {[%emt 0:01:49]} 44. a6 {[%emt 0:00:20]} Re8 {[%emt 0:00:22]} 45. Ra1 {[%emt 0:08:14]} Kb6 {[%emt 0:03:19]} 46. Kg3 {[%emt 0:00:22]} Ra8 {[%emt 0:05:40]} 47. Rh1 {[%emt 0:01:49]} h5 {[%emt 0:07:45]} 48. Re1 {[%emt 0:04:17]} Rxa6 {[%emt 0:00:35]} 49. Re5 {[%emt 0:00:21]} Kc7 {[%emt 0:01:13]} 50. Kh4 {[%emt 0:00:22]} Ra1 {[%emt 0:01:23]} 51. Kg5 {[%emt 0:00:47]} Rg1+ {[%emt 0:00:06]} 52. Kf6 {[%emt 0:00:10]} Kd6 {[%emt 0:01:25]} 53. Re8 {[%emt 0:09:15] Ke5+} 0-1

[Event "XIX Najdorf Memorial 2019"]
[Site "Warsaw"]
[Date "2019.07.09"]
[Round "4.6"]
[White "Harsha Bharathakoti"]
[Black "Yuffa, Daniil"]
[Result "0-1"]
[WhiteElo "2486"]
[BlackElo "2582"]
[Annotator "ChessBase"]
[PlyCount "68"]
[EventDate "2019.07.06"]
[EventType "swiss"]
[EventCountry "POL"]
[SourceTitle "playchess.com"]
[Source "ChessBase"]
[SourceQuality "1"]
[TimeControl "40/5400+30:1800+30"]

1. e4 {[%emt 0:01:49]} c5 {[%emt 0:02:06]} 2. Nf3 {[%emt 0:00:31]} d6 {[%emt 0:00:07]} 3. d4 {[%emt 0:01:28]} cxd4 {[%emt 0:00:06]} 4. Nxd4 {[%emt 0:00:10]} Nf6 {[%emt 0:00:06]} 5. Nc3 {[%emt 0:00:37]} Nc6 {[%emt 0:01:31]} 6. Bg5 {[%emt 0:03:17]} e6 {[%emt 0:00:20]} 7. Qd2 {[%emt 0:01:17]} a6 {[%emt 0:00:07]} 8. O-O-O {[%emt 0:00:07]} Bd7 {[%emt 0:00:05]} 9. f4 {[%emt 0:00:18]} Be7 {[%emt 0:00:51]} 10. Nf3 {[%emt 0:04:02]} b5 {[%emt 0:00:38]} 11. e5 {[%emt 0:00:31]} b4 {[%emt 0:00:45]} 12. exf6 {[%emt 0:00:27]} bxc3 {[%emt 0:01:20]} 13. Qxc3 {[%emt 0:00:05]} gxf6 {[%emt 0:00:04]} 14. Bh4 {[%emt 0:05:01]} a5 {[%emt 0:00:59]} 15. Nd4 {[%emt 0:27:38]} Nb4 {[%emt 0:06:44]} 16. Kb1 {[%emt 0:05:25]} Rb8 {[%emt 0:10:14]} 17. Qd2 {[%emt 0:05:43]} Qb6 {[%emt 0:13:36]} 18. Bf2 {[%emt 0:24:26]} Qb7 {[%emt 0:04:38]} 19. Be2 {[%emt 0:12:15]} e5 {[%emt 0:08:22]} 20. Bf3 {[%emt 0:01:10]} d5 {[%emt 0:04:18]} 21. fxe5 {[%emt 0:01:29]} fxe5 {[%emt 0:00:37]} 22. Rhe1 {[%emt 0:01:00]} Nc6 {[%emt 0:04:32]} 23. c3 {[%emt 0:02:09]} Nxd4 {[%emt 0:01:32]} 24. cxd4 {[%emt 0:00:19]} e4 {[%emt 0:00:06]} 25. Bh5 {[%emt 0:00:22]} Bf5 {[%emt 0:08:12]} 26. Ka1 {[%emt 0:00:51]} Qb4 {[%emt 0:08:24]} 27. Be3 {[%emt 0:00:29]} Bg6 {[%emt 0:01:55]} 28. Be2 {[%emt 0:00:30]} Qa4 {[%emt 0:05:40]} 29. Rf1 {[%emt 0:00:32]} Bb4 {[%emt 0:00:49]} 30. Qc1 {[%emt 0:00:09]} O-O {[%emt 0:00:29]} 31. Bh6 {[%emt 0:00:52]} Rfc8 {[%emt 0:04:50]} 32. Qe3 {[%emt 0:00:01]} Rc2 {[%emt 0:03:14]} 33. Qf4 {[%emt 0:00:54]} Qe8 {[%emt 0:01:14]} 34. Rf2 {[%emt 0:00:34]} Bd2 0-1

[Event "XIX Najdorf Memorial 2019"]
[Site "Warsaw"]
[Date "2019.07.09"]
[Round "4.6"]
[White "Menezes, Christoph"]
[Black "Chomczyk, Marek"]
[Result "1-0"]
[WhiteElo "2413"]
[BlackElo "2270"]
[Annotator "NA"]
[PlyCount "77"]
[EventDate "2019.07.06"]
[EventType "swiss"]
[EventCountry "POL"]
[SourceTitle "playchess.com"]
[Source "ChessBase"]
[SourceQuality "1"]
[TimeControl "40/5400+30:1800+30"]

1. d4 {[%emt 0:00:00]} Nf6 {[%emt 0:01:00]} 2. c4 {[%emt 0:00:00]} e6 {[%emt 0:00:04]} 3. Nf3 {[%emt 0:00:00]} d5 {[%emt 0:00:03]} 4. g3 {[%emt 0:00:16]} Be7 {[%emt 0:00:05]} 5. Bg2 {[%emt 0:00:13]} O-O {[%emt 0:00:13]} 6. O-O {[%emt 0:00:22]} dxc4 {[%emt 0:00:03]} 7. Qc2 {[%emt 0:00:18]} a6 {[%emt 0:00:04]} 8. Qxc4 {[%emt 0:00:23]} b5 {[%emt 0:00:06]} 9. Qc2 {[%emt 0:00:09]} Bb7 {[%emt 0:00:03]} 10. Bd2 {[%emt 0:00:16]} Be4 {[%emt 0:00:06]} 11. Qc1 {[%emt 0:00:15]} Bb7 {[%emt 0:00:03]} 12. Bf4 {[%emt 0:00:45]} Nd5 {[%emt 0:03:34]} 13. Rd1 {[%emt 0:01:17]} Nxf4 {[%emt 0:02:22]} 14. Qxf4 {[%emt 0:00:19]} c5 {[%emt 0:00:27]} 15. Nc3 {[%emt 0:09:00]} cxd4 {[%emt 0:00:38]} 16. Nxd4 {[%emt 0:07:02]} Qb6 {[%emt 0:01:27]} 17. Bxb7 {[%emt 0:04:47]} Qxb7 {[%emt 0:00:05]} 18. Qe4 {[%emt 0:04:57]} Ra7 {[%emt 0:03:54]} 19. Rac1 {[%emt 0:15:49]} Qxe4 {[%emt 0:07:38]} 20. Nxe4 {[%emt 0:00:04]} Rd7 {[%emt 0:00:40]} 21. e3 {[%emt 0:02:14]} Rfd8 {[%emt 0:04:33]} 22. Rf1 {[%emt 0:04:35]} g6 {[%emt 0:15:35]} 23. f4 {[%emt 0:07:17]} Kg7 {[%emt 0:05:03]} 24. Rc2 {[%emt 0:04:01]} Re8 {[%emt 0:08:11]} 25. Rfc1 {[%emt 0:05:24]} Bf6 {[%emt 0:04:22]} 26. Nf3 {[%emt 0:00:47]} Red8 {[%emt 0:00:54]} 27. g4 {[%emt 0:02:07]} Rd1+ {[%emt 0:03:33]} 28. Rxd1 {[%emt 0:00:14]} Rxd1+ {[%emt 0:00:05]} 29. Kf2 {[%emt 0:00:05]} Nd7 {[%emt 0:02:08]} 30. Ke2 {[%emt 0:03:13]} Rd5 {[%emt 0:15:09]} 31. g5 {[%emt 0:00:55]} Bd8 {[%emt 0:00:30]} 32. Rc6 {[%emt 0:02:23]} Bb6 {[%emt 0:06:44]} 33. Nf6 {[%emt 0:03:34]} Rc5 {[%emt 0:01:09]} 34. Rd6 {[%emt 0:00:27]} Rc2+ {[%emt 0:00:56]} 35. Kd3 {[%emt 0:03:26]} Rf2 {[%emt 0:00:48]} 36. Nxd7 {[%emt 0:01:58]} Bc7 {[%emt 0:00:07]} 37. Rc6 {[%emt 0:00:07]} Bxf4 {[%emt 0:00:04]} 38. exf4 {[%emt 0:01:34]} Rxf3+ {[%emt 0:00:06]} 39. Ke4 {[%emt 0:00:03]} 1-0